Statistics for Ridiculous Laws Around The World

Click here to take the quiz!

General Stats

  • This quiz has been taken 26 times
  • The average score is 8 of 15

Answer Stats

HintCountry % Correct
It's Strictly Prohibited to Call "Arkansas" Wrong, In ArkansasUnited States
100%
Naming Your Baby A Ridiculous Name In Nordic CountryDenmark
91%
Not Allowed To Chew Gum Ever Since 1992Singapore
83%
Collects Candy Tax for Water but not Cookies in this Nordic CountryFinland
74%
Dying In The House Of ParliamentUnited Kingdom
74%
Only Having A Certain Amount Of Haircuts Depending On Gender (Hermit Kingdom)North Korea
65%
Not Visiting Your Parents A Lot (East Asian Country)China
57%
Banning High Heels In Historic Sites In This Mediterranean CountryGreece
57%
Driving A Dirty Car Ever Since 2006Russia
52%
Forbidding To Bring Bears To The Beach In This Holy CountryIsrael
48%
Owning A Satellite Dish In This Southeast Asian Country Malaysia
43%
Illegal To Bring The Bible And Public Observance In Islam In This Archipalego Country Near IndiaMaldives
43%
Clergymen may not wear their religious garb in publicMexico
22%
Not Allowed To Walk In The Winter Months Without Anything That Gives LightEstonia
17%
Witch On A Broomstick Should Not Fly Above 150 Meter LimitSwaziland
13%

Score Distribution

Percentile by Number Answered

Percent of People with Each Score

Your Score History

You have not taken this quiz